Les 50 plus grosses ventes de l'Inter Milan - Statistiques

Statistiques générales
  • Ce quiz a été pris 28 fois
  • Le résultat moyen est 12 sur 50
Statistiques - réponses
Club acheteur Pays Saison de départ Prix d'achat Réponse % Correct
Paris Saint-Germain Maroc 2021-2022 68 000 000 € Achraf Hakimi
100%
Chelsea Belgique 2021-2022 113 000 000 € Romelu Lukaku
100%
FC Barcelone Suède 2009-2010 69 500 000 € Zlatan Ibrahimovic
100%
Manchester United Cameroun 2023-2024 50 200 000 € André Onana
96%
Paris Saint-Germain Argentine 2020/2021 50 000 000 € Mauro Icardi
93%
Real Madrid Croatie 2015-2016 38 000 000 € Mateo Kovacic
89%
Anzhi Makhachkala (Russie) Cameroun 2011-2012 27 000 000 € Samuel Eto'o
70%
Valence CF Centrafrique 2018-2019 22 000 000 € Geoffrey Kondogbia
52%
Al Nassr Croatie 2023-2024 15 700 000 € Marcelo Brozovic
48%
Real Madrid Brésil 2002-2003 45 000 000 € Ronaldo Nazario
48%
AC Milan Pays-Bas 2002-2003 22 500 000 € Clarence Seedorf
37%
Chelsea Argentine 2003-2004 26 000 000 € Hernan Crespo
33%
AC Milan Italie 2001-2002 17 040 000 € Andrea Pirlo
30%
Leeds United Irlande 2000-2001 18 000 000 € Robbie Keane
26%
Stoke CIty Suisse 2015-2016 17 000 000 € Xherdan Shaqiri
22%
SSC Napoli Italie 2021-2022 22 100 000 € Matteo Politano
19%
Liverpool Brésil 2012-2013 13 000 000 € Philippe Coutinho
19%
Paris Saint-Germain Italie 2011-2012 11 500 000 € Thiago Motta
19%
Parme Calcio Brésil 2002-2003 14 500 000 € Adriano
15%
Newcastle United Nigeria 2006-2007 16 000 000 € Obafemi Martins
15%
Arsenal Pays-Bas 1995-1996 11 250 000 € Dennis Bergkamp
11%
Atalanta Bergame Pologne 2025-2026 17 000 000 € Nicola Zalewski
11%
Union Berlin Allemagne 2023-2024 13 000 000 € Robin Gosens
11%
AS Monaco Monténégro 2017-2018 10 500 000 € Stevan Jovetic
11%
Club Brugge (Club Bruges) Serbie 2025-2026 9 500 000 € Aleksandar Stankovic
7%
Sassuolo Italie 2023-2024 20 000 000 € Andrea Pinamonti
7%
Genoa Italie 2020-2021 19 500 000 € Andrea Pinamonti
7%
AS Roma Chili 2006-2007 12 250 000 € David Pizarro
7%
Lazio Rome Argentine 1999-2000 10 900 000 € DIego Simeone
7%
AC Milan Italie 2012-2013 12 500 000 € Giampaolo Pazzini
7%
Juventus Brésil 2015-2016 13 000 000 € Hernanes
7%
Valence CF Colombie 2018-2019 12 000 000 € Jeison Murillo
7%
Parme Calcio France 2003-2004 21 000 000 € Sébastien Frey
7%
Everton Pays-Bas 2005-2006 9 000 000 € Andy van der Meyde
4%
Lazio Rome Italie 2000-2001 17 900 000 € Angelo Peruzzi
4%
Chelsea Italie 2022-2023 14 860 000 € Cesare Casadei
4%
AS Roma Italie 2018-2019 9 500 000 € Davide Santon
4%
Juventus Italie 2004-2005 10 000 000 € Fabio Cannavaro
4%
Shanghai Shenhua Colombie 2015-2016 13 000 000 € Fredy Guarin
4%
Flamengo Brésil 2019-2020 17 500 000 € Gabriel Barbosa
4%
Lazio Rome Italie 2002-2003 10 000 000 € Bernardo Corradi
0%
Sampdoria Italie 2017-2018 15 000 000 € Gianluca Caprari
0%
Manchester City Italie 2010-2011 29 500 000 € Mario Belotelli
0%
Parme Calcio Italie 2001-2002 10 350 000 € Matteo Ferrari
0%
Parme Calcio France 1999-2000 15 490 000 € Ousmane Dabo
0%
Sunderland Angentine 2015-2016 10 500 000 € Ricardo Alvarez
0%
Genoa Italie 2009-2010 15 000 000 € Robert Acquafresca
0%
Paris Saint-Germain Brésil 2000-2001 20 000 000 € Vampeta
0%
Parme Calcio Slovaquie 2002-2003 16 000 000 € Vratislav Gresko
0%
Standard de Liège Belgique 2019-2020 11 740 000 € Zinho Vanheusden
0%
Aucun quiz correspondant
Distribution des résultats
% des personnes avec chaque résultat
Percentile par nombre de réponses
Votre historique - résultats
Vous n’avez pas pris ce quiz